| 000 | 00836nam a2200253Ia 4500 | ||
|---|---|---|---|
| 003 | OSt | ||
| 005 | 20220918171726.0 | ||
| 006 | a|||||r|||| 00| 0 | ||
| 007 | ta | ||
| 008 | 220917b |||||||| |||| 00| 0 eng d | ||
| 020 |
_a9788170007289 (hbk) _c1295 |
||
| 024 | _a285,347 | ||
| 037 |
_b1435, 05/03/2015, Mishra Publisher & Distributor _cTextual |
||
| 040 |
_aARTS _cARTS _beng |
||
| 041 |
_2eng _aeng |
||
| 082 | _a2:(D65,8(B)):8, Q4 | ||
| 100 |
_aChaurasia Neeraj _938471 |
||
| 245 | 0 | _aEmerging technologies for library management and services | |
| 260 |
_aNew Delhi _bEss Ess Publications India _c2014 |
||
| 300 |
_axix, 295p. _ccm. |
||
| 650 | _aLIBRARY SCIENCE | ||
| 942 |
_h2:(D65,8(B)):8, Q4 _cTEXL _2CC |
||
| 999 |
_c141080 _d141080 |
||